000 00834nam a2200241 i 4500
001 111620
003 ES-MaACL
005 20250920063054.0
007 t|
008 061121s1922 sp a |||| | spa d
080 _a821.134.2(72)-82"18"
100 1 _aNervo, Amado,
_d1870-1919
_985404
245 1 3 _aEl arquero divino /
_cAmado Nervo ; [texto al cuidado de Alfonso Reyes ; ilustraciones de Marco].
260 _aMadrid :
_bBiblioteca Nueva,
_c1922.
300 _a239 p. :
_bil. ;
_c19 cm.
490 1 _aObras completas de Amado Nervo ;
_v27
597 _aImpreso en papel de hilo.
700 1 _aReyes, Alfonso,
_d1889-1959
_996554
700 1 _aMarco, Fernando.
_976462
830 0 _aObras completas de Amado Nervo ;
_v27
_9181423
852 _aES-MaACL
_jB-4080
_z- Enc. rĂºst. original
999 _c111620
_d111620